| 000 | 00995nam a22002297a 4500 | ||
|---|---|---|---|
| 999 |
_c12089 _d12089 |
||
| 003 | AR-CdUCM | ||
| 008 | 190405b ||||| |||| 00| 0 spa d | ||
| 040 |
_aMUNICIPALIDAD PROVINCIAL DEL CUSCO _cBIBLIOTECA MUNICIPAL DEL CUSCO |
||
| 082 |
_a015.85 / _bB3 /1951 |
||
| 110 |
_aBiblioteca Nacional del Perú _9732 |
||
| 245 | _aAnuario bibliográfico peruano de 1948 / | ||
| 260 |
_aLima : _bEdiciones de la Biblioteca Nacional, _c1951. |
||
| 300 |
_a249 paginas ; _c25 cm. |
||
| 440 |
_aEdiciones de la Biblioteca Nacional _nVII _929774 |
||
| 505 | _aContenido: Filosofía -- Hacia la formación de bibliográficas nacionales en la América hispana -- Dos grandes bibliotecas -- Fundación de la biblioteca nacional -- Libros y folletos peruanos o referentes al Perú -- Publicaciones periódicas... | ||
| 650 |
_aFundación _99095 |
||
| 650 |
_aBiblioteca Nacional _929775 |
||
| 650 |
_aPerú _935 |
||
| 700 |
_aTauro, Alberto _911692 |
||
| 942 |
_2ddc _cLIBROS |
||
| 945 |
_awnts _d2019-04-05 |
||